| 000 | 00680nam a22001937a 4500 | ||
|---|---|---|---|
| 999 |
_c18750 _d18750 |
||
| 003 | AR-CdUCM | ||
| 008 | 190515b ||||| |||| 00| 0 spa d | ||
| 040 |
_aMUNICIPALIDAD PROVINCIAL DEL CUSCO _cBIBLIOTECA MUNICIPAL DEL CUSCO |
||
| 082 |
_a340 / _bC89 |
||
| 100 |
_aCarnelutti, Francesco _95136 |
||
| 245 | _aTeoría General del derecho / | ||
| 260 |
_aMadrid : _bRevista del derecho privado _c1955. |
||
| 300 |
_a543 paginas ; _c23 cm. |
||
| 505 | _aContenido :De la funciona del derecho --De la estructura del derecho --De las mutaciones jurídicas / | ||
| 650 |
_aDerecho _9739 |
||
| 650 |
_aTeoría del derecho _919770 |
||
| 942 |
_2ddc _cLIBROS |
||
| 945 |
_arjall _d2019-05-15 |
||